Hallazgo de Laurembergia tetrandra (<Schott ex Spreng.>) Kanitz (<Haloragaceae>) en Colombia (Registro nro. 15293)

Detalles MARC
000 -CABECERA
Campo de control 004560000a22001330004500
090 ## - CLASIFICACIÓN LOCAL
Colección AS
Consecutivo Seriadas
041 0# - IDIOMA
Código de idioma para texto/pista de sonido o título separado
100 1# - ASIENTO PRINCIPAL--NOMBRE PERSONAL
Nombre personal Mora Osejo, Luis Eduardo
245 10 - MENCION DE TITULO
Título Hallazgo de Laurembergia tetrandra (<Schott ex Spreng.>) Kanitz (<Haloragaceae>) en Colombia
700 1# - ASIENTO SECUNDARIO - NOMBRE PERSONAL
Nombre personal Fernández Alonso, José Luis
700 1# - ASIENTO SECUNDARIO - NOMBRE PERSONAL
Nombre personal Bernal, Rodrigo G.
773 1# - Item fuente:
Título Mutisia: Acta Botánica Colombiana
Especificación de materiales 893
Descripción física 68
Paginas del Articulo 1-10
Lugar, editorial y fecha de publicación 1988
942 ## - ELEMENTOS ADICIONALES (KOHA)
Tipo de ítem Artículo

No hay ítems disponibles.